Romans: (Record no. 428)

000 -LEADER
fixed length control field 00642nam a2200193 a 4500
001 - CONTROL NUMBER
control field :::00013582$&:&@@
003 - CONTROL NUMBER IDENTIFIER
control field OkBaRHE
005 - DATE AND TIME OF LATEST TRANSACTION
control field 20100324120515.0
008 - FIXED-LENGTH DATA ELEMENTS--GENERAL INFORMATION
fixed length control field s1975 j 000 0 eng u
040 ## - CATALOGING SOURCE
Transcribing agency
100 1# - MAIN ENTRY--PERSONAL NAME
Personal name Lloyd-Jones, David Martyn.
245 10 - TITLE STATEMENT
Title Romans:
Remainder of title an exposition of chapter 8:5-17, the sons of God.
260 ## - PUBLICATION, DISTRIBUTION, ETC. (IMPRINT)
Place of publication, distribution, etc Grand Rapids, MI., :
Name of publisher, distributor, etc Zondervan
Date of publication, distribution, etc 1975
300 ## - PHYSICAL DESCRIPTION
Extent xi, 438 p. ;
Dimensions 23 cm.
650 ## - SUBJECT ADDED ENTRY--TOPICAL TERM
Topical term or geographic name as entry element Bible New Testament Romans 8:5-17
General subdivision Sermons
650 ## - SUBJECT ADDED ENTRY--TOPICAL TERM
Topical term or geographic name as entry element Sermons, English
942 ## - ADDED ENTRY ELEMENTS (KOHA)
Source of classification or shelving scheme
Koha item type Books
Copies
Koha item type Shelving location Lost status Withdrawn status Date last seen Date acquired Copy number Damaged status Full call number Permanent Location Price effective from Source of classification or shelving scheme Collection code Barcode Not for loan
BooksGeneral Stacks  2018-03-282010-04-141 BS 2665.4 .L585RHEMA Bible Training College2010-04-14 Reference13582